| 000 | 00779nam a2200205 i 4500 | ||
|---|---|---|---|
| 001 | 180635 | ||
| 003 | ES-MaACL | ||
| 005 | 20230906221142.0 | ||
| 008 | 120619s1976 sp |||| | spa d | ||
| 080 | _a591.1:598.2(043.2) | ||
| 100 | 1 |
_aPalomeque Rico, Jesús. _988688 |
|
| 245 | 1 | 0 |
_aEstudio de algunos parámetros hemáticos relacionados con la respiración en aves / _c[por] Jesús Palomeque Rico. |
| 260 |
_aBarcelona : _bUniversidad, Secretariado de Publicaciones, Intercambio Científico y Extensión Universitaria, _c1976. |
||
| 300 |
_a20 p. ; _c24 cm. |
||
| 502 | _aTesis Univ. Barcelona (Extracto) | ||
| 504 | _aBibliografía : p. 20. | ||
| 650 | 4 |
_aAves- _xFisiología. _9150566 |
|
| 710 | 2 |
_aUniversidad de Barcelona. _97141 |
|
| 852 |
_aES-MaACL _jE-15362(173) |
||
| 999 |
_c180635 _d180635 |
||